000 01165cam a2200253 4500
008 090401t1992 xxu||||| |||| 00| 0 eng d
020 _a1851901825
035 _a(Sirsi) u84144
041 _aeng
050 _a346.410434
100 _aThornton, Rosy
245 _aProperty disrepair & dilapidations: a guide to the law.
260 _aLondon
_bFourmat Publishing
_c1992
300 _axxv,200p. ; 23cm.
350 _a22.5
520 _aThis provides a thoroughly practical approach to the subject of the physical condition of real property, covering owner-occupied and rented premises, both residential and commercial. Divided into three parts, it examines first the contractual obligations relating to repair which exist between landlord and tenant; secondly, the tortious obligations arising out of the defective condition of premises, and thirdly, statutory control under housing legislation and the Environmental Protection Act.
650 _aDilapidations
_96235
650 _aLANDLORD AND TENANT
_96252
650 _aLAW
650 _aREPAIR
690 _aBUILDING AND CONSTRUCTION-REPAIRS AND MAINTENANCE
942 _n0
948 _c04/03/1997
999 _c96917
_d96917